000 01345 a2200217 4500
003 Nust
005 20221125122717.0
010 _a 96028816
020 _a0133937607
040 _cNust
082 0 0 _a621.3815,BOG
100 1 _aBogart, Theodore F.
_983343
245 1 0 _aElectronic devices and circuits /
_cTheodore F. Bogart, Jr.
250 _a4th ed.
260 _aUpper Saddle, N.J. :
_bPrentice Hall,
_c1997.
300 _axv, 1001 p. :
_bill. ;
_c24 cm.
505 _aIntroduction (Page-1), The pn Junction (Page-6), The Diode as a Circuit Element (Page-33), Bipolar Junction Transistors (Page-80), Field Effect Transistors (Page-137), Amplifier Fundamentals (Page-177), Small-Signal Transistor Amplifiers (Page-198), Ideal Operational Amplifier Circuits and analysis (Page-276), Frequency Response (Page-302), Operational Amplifier Theory and Performance (Page-366), Advanced Operational Amplifier Applications (Page-418), Wave Generation and Shaping (Page-470), Regulated and Switching Power Supplies (Page-512), Digital-to-Analog and Analog-to-Digital Converters (Page-544), Special Electronic Devices (Page-576), Transistor Analog Circuits Building Blocks (Page-692), Introduction to Digital VLSI Design (Page-754).
650 0 _aElectronic apparatus and appliances.
_910193
650 0 _aElectronic circuits.
942 _2ddc
_cBK
999 _c179139
_d179139